The life and death of the Afrika Korps : a biography /

Bibliographic Details
Main Author: Lewin, Ronald
Format: Book
Language:English
Published: London : Batsford, 1977.
Subjects:

MARC

Tag First Indicator Second Indicator Subfields
LEADER 00000cam a2200000 i 4500
001 in00000370430
005 20151011075814.0
008 771220s1977 enkabf b 00110deng
010 |a  77368472  
015 |a GB*** 
020 |a 0713406852 :  |c 5.50 
035 |a (OCoLC)03208440 
035 |9 ABP7117AM 
040 |a DLC  |c DLC  |d TXA  |d UtOrBLW 
043 |a e-gx---  |a ff----- 
049 |a TXAM  |c [1493632] 
050 0 0 |a D757.55.G4  |b L48 1977b 
082 0 |a 940.54/23 
100 1 |a Lewin, Ronald. 
245 1 4 |a The life and death of the Afrika Korps :  |b a biography /  |c Ronald Lewin. 
264 1 |a London :  |b Batsford,  |c 1977. 
300 |a 207 pages, 8 unnumbered leaves of plates :  |b illustrations ;  |c 25 cm. 
336 |a text  |b txt  |2 rdacontent 
337 |a unmediated  |b n  |2 rdamedia 
338 |a volume  |b nc  |2 rdacarrier 
500 |a Includes index. 
504 |a Bibliography pages [198]-199. 
610 1 0 |a Germany.  |b Heer.  |b Panzerarmeekorps Afrika. 
650 0 |a World War, 1939-1945  |x Regimental histories  |z Germany. 
650 0 |a World War, 1939-1945  |x Campaigns  |z Africa, North. 
999 |a MARS 
999 f f |s 5fa6647f-98ad-39c5-b16f-e1c05a299191  |i c888dc13-0487-359b-a525-d494fd11aea0  |t 0 
952 f f |p ric  |a Texas A&M University  |b Rellis Campus  |c Joint Library Facility  |d Remote Storage  |t 0  |e D757.55.G4 L48 1977b  |h Library of Congress classification  |i unmediated -- volume  |m A14801891192 
998 f f |a D757.55.G4 L48 1977b  |t 0  |l Remote Storage